000 00754nam a2200253Ia 4500
003 OSt
005 20220927110656.0
006 a|||||r|||| 00| 0
007 ta
008 220926b |||||||| |||| 00| 0 eng d
024 _a121990
037 _cReports
040 _aRTL
_cRTL
_beng
041 _2eng
_aeng
082 _a"T.2.N66t:g, K6/GD"
110 _aGovt fo India. Lok Sabha (Secretariat)
_9379729
245 0 _aComments and reactions on the report of the Educat
260 _aDelhi
_bLok Sabha (Secretariat) India
_c1966
300 _a93p.
_ccm.
650 _aEducation
700 _aGovt fo India. Lok Sabha (Secretariat)
_9379730
942 _h"T.2.N66t:g, K6/GD"
_cCC
999 _c697605
_d697605